Study of mental processes in a correctional environment application of the word association test (notice n° 1573622)

détails MARC
000 -LEADER
fixed length control field 01638cam a2200217 4500500
005 - DATE AND TIME OF LATEST TRANSACTION
control field 20251214030248.0
041 ## - LANGUAGE CODE
Language code of text/sound track or separate title fre
042 ## - AUTHENTICATION CODE
Authentication code dc
100 10 - MAIN ENTRY--PERSONAL NAME
Personal name Nieuviarts, Nicolas
Relator term author
245 00 - TITLE STATEMENT
Title Study of mental processes in a correctional environment application of the word association test
260 ## - PUBLICATION, DISTRIBUTION, ETC.
Date of publication, distribution, etc. 2025.<br/>
500 ## - GENERAL NOTE
General note 24
520 ## - SUMMARY, ETC.
Summary, etc. This article examines the effectiveness and relevance of the verbal association test in the context of psychological monitoring in a correctional environment. The study analyzes 1,700 verbal associations collected from 17 inmates in a French penal institution. The results are then compared using statistical techniques with those obtained in the research of Guibert and Martin-Tur (2018) and Jung and Riklin (1904). This comparison aims to assess the sensitivity of the test in significantly different life contexts. The findings of this research highlight the potential role of psychoaffective complexes in the psychological monitoring of inmates, acting both as indicators and as structuring elements of the associative process. Moreover, the verbal association test, due to its playful nature, also seems to facilitate and enhance the engagement of inmates with the psychologist.
700 10 - ADDED ENTRY--PERSONAL NAME
Personal name Guibert, Émile
Relator term author
700 10 - ADDED ENTRY--PERSONAL NAME
Personal name Holtzman, Wayne
Relator term author
700 10 - ADDED ENTRY--PERSONAL NAME
Personal name Kokou-Kpolou, Kossigan
Relator term author
700 10 - ADDED ENTRY--PERSONAL NAME
Personal name Masson, Joanic
Relator term author
700 10 - ADDED ENTRY--PERSONAL NAME
Personal name Bernoussi, Amal
Relator term author
786 0# - DATA SOURCE ENTRY
Note Bulletin de psychologie | 590 | 4 | 2025-10-06 | p. 3-15 | 0007-4403
856 41 - ELECTRONIC LOCATION AND ACCESS
Uniform Resource Identifier <a href="https://shs.cairn.info/journal-bulletin-de-psychologie-2025-4-page-3?lang=en&redirect-ssocas=7080">https://shs.cairn.info/journal-bulletin-de-psychologie-2025-4-page-3?lang=en&redirect-ssocas=7080</a>

Pas d'exemplaire disponible.

PLUDOC

PLUDOC est la plateforme unique et centralisée de gestion des bibliothèques physiques et numériques de Guinée administré par le CEDUST. Elle est la plus grande base de données de ressources documentaires pour les Étudiants, Enseignants chercheurs et Chercheurs de Guinée.

Adresse

627 919 101/664 919 101

25 boulevard du commerce
Kaloum, Conakry, Guinée

Réseaux sociaux

Powered by Netsen Group @ 2025